| 000 | 00425nam a2200169Ia 4500 | ||
|---|---|---|---|
| 003 | GCL | ||
| 008 | 140319s9999 xx 000 0 eng d | ||
| 040 |
_aGCL / _cGCL |
||
| 082 | 0 | 4 |
_a746.92 _bD F |
| 100 | 1 | _aDRAKE,NICHOLAS | |
| 245 | 1 | 0 |
_aFASHION ILLUSTRATION TODAY / _cDRAKE,NICHOLAS |
| 260 |
_a[S.N] : _bTHAMES AND HUDSON ، _c1994 |
||
| 300 | _a176 | ||
| 650 | 0 | 4 | _aILLUSTRATIONS |
| 650 | 0 | 4 | _aFASHION |
| 942 |
_2ddc _cBK |
||
| 999 |
_c24134 _d24134 |
||